Top 25 WAR in Yankees History - Statistics

General Stats
  • This quiz has been taken 23 times
  • The average score is 19 of 25
Answer Stats
Hint Answer % Correct
(2016-Present) (RF) Aaron Judge (62.3)
100%
(1920-1934) (RF) Babe Ruth (142.8)
100%
(1995-2014) (SS) Derek Jeter (71.3)
100%
(1923-1939) (1B) Lou Gehrig (113.7)
100%
(1951-1968) (CF) Mickey Mantle (110.3)
100%
(2004-2016) (3B) Alex Rodriguez (53.8)
95%
(1991-2006) (CF) Bernie Williams (49.6)
95%
(1936-1951) (CF) Joe DiMaggio (79.1)
95%
(1946-1963) (C) Yogi Berra (59.7)
95%
(1982-1995) (1B) Don Mattingly (42.4)
90%
(1995-2013) (SP) Andy Pettitte (57.1)
86%
(1995-2011) (C) Jorge Posada (42.7)
86%
(2005-2013) (2B) Robinson Cano (44.4)
86%
(1969-1979) (C) Thurman Munson (46.0)
81%
(1950-1967) (SP) Whitey Ford (54.9
81%
(1976-1988) (2B) Willie Randolph (54.1)
81%
(2008-2021) (CF) Brett Gardner (44.3)
71%
(1975-1988) (SP) Ron Guidry (47.8)
71%
(1928-1946) (C) Bill Dickey (56.4)
57%
(1973-1983) (3B) Graig Nettles (44.4)
57%
(1930-1946) (SP) Red Ruffing (43.4)
52%
(1941-1956) (SS) Phil Rizzuto (42.1)
48%
(1926-1937) (2B) Tony Lazzeri (46.3)
48%
(1965-1979) (LF) Roy White (46.8)
33%
(1924-1935) (CF) Earle Combs (45.0)
24%
No matching quizzes found
Score Distribution
Percent of People with Each Score
Percentile by Number Answered
Your Score History
You have not taken this quiz